| 000 | 00650nam a2200193 a 4500 | ||
|---|---|---|---|
| 005 | 20240810063821.0 | ||
| 008 | 060810s2002 mx r 000 0 spa d | ||
| 020 | _a9706516328 | ||
| 035 | _aUPN01000146175 | ||
| 049 | _aCG | ||
| 050 | 4 |
_aPQ7297 F7.5 _bT7.8c |
|
| 100 | 1 |
_aFrías, Heriberto, _d1870-1925 _928514 |
|
| 245 | 1 | 0 |
_aTomochic : _bepisodios de la campaña de Chihuahua: 1892 : Relación escrita por un testigo presencial / _cHeriberto Frías ; estudio preliminar de Silvia L. Cuesy. |
| 260 |
_aMéxico : _bOcéano, _c2002. |
||
| 300 | _a285 p. | ||
| 440 | 0 | _aIntemporales | |
| 650 | 4 |
_aNovela histórica mexicana _917265 |
|
| 905 | _aLibro | ||
| 999 |
_c118321 _d118321 |
||